000 01197cad a22002655a 4500
001 E148809
008 091111s2009 xxk f s000 0 eng d
020 _a9780755977154
035 _a(Sirsi) u148809
041 0 _aeng
050 0 4 _a346.410438 $2 18
100 1 _aMoxey, Andrew
245 0 4 _aThe role of the public sector in realising the benefits of Scotland's rural land
_h[electronic resource]
260 _aEdinburgh
_bScottish Government Social Research
_c2009
490 0 _aAgriculture, Fisheries and Rural Affairs Research Findings
_v(10) 2009
520 _aPresents the results of research carried out as part of the Scottish Government Rural Land Use Study. The research looked at how the public sector might facilitate approaches that result in a range of benefits from Scotland's rural land.
521 _aAdvanced
590 _aKA
651 4 _aScotland
_y1999-
690 _aPROPERTY-RURAL AND NATURAL ASSETS-RURAL AND NATURAL ASSET MANAGEMENT-LAND MANAGEMENT
700 1 _aRobinson, Richard
700 1 _aSwales, Vicky
856 4 0 _uhttps://www.scotland.gov.uk/Publications/2009/11/05143134/0
_zView the report free of charge at www.scotland.gov.uk...
942 _n0
999 _c110238
_d110238